000
00268nam a22001217a 4500
008
180917b xxu||||| |||| 00| 0 eng d
041
_a
eng
080
_a
617
100
_a
6
101
_a
ANE
245
_a
Anethesia And Analgesia
_c
Miller.R.D
942
_2
udc
_c
BK
999
_c
47868
_d
47868